Notes on spectral theory
Gardado en:
| Autor Principal: | |
|---|---|
| Formato: | Libro |
| Idioma: | inglés |
| Publicado: |
Princeton
D. Van Nostrand
1966
|
| Series: | Van Nostrand mathematical studies, 5
|
| Subjects: | |
| Tags: |
Engadir etiqueta
Sen Etiquetas, Sexa o primeiro en etiquetar este rexistro!
|
MARC
| LEADER | 00000nam a2200000 a 4500 | ||
|---|---|---|---|
| 001 | UCW1207 | ||
| 003 | CL-VaPUC | ||
| 008 | 911212e19660000US |||||||||||||||||eng|d | ||
| 082 | 0 | 4 | |a 515.722 |b BER |2 21 |
| 100 | 0 | |a Berberian, Sterling K |e author |9 305110 | |
| 245 | 1 | 0 | |a Notes on spectral theory |
| 300 | |a 121 p | ||
| 942 | |c BK | ||
| 945 | |d 19911212 00:00:00 | ||
| 260 | |a Princeton |b D. Van Nostrand |c 1966 | ||
| 650 | 0 | |a Teoría espectral (Matemáticas) |9 262097 | |
| 583 | |a last modification |c 20120529 12:06:18 |k Rodrigo Vera | ||
| 490 | 0 | |a Van Nostrand mathematical studies, 5 | |
| 999 | |c 216126 |d 216124 | ||
| 952 | |0 0 |1 0 |4 0 |6 515_722000000000000_BER_1966 |7 0 |8 A |9 201604 |a BIBMAT |b BIBMAT |d 2019-11-14 |i 2688662 |o 515.722 BER 1966 |p 2688662 |r 2025-01-07 |w 2019-11-14 |y BK |k MAT | ||